000 00250nam a2200109Ia 4500
008 190912s9999||||xx |||||||||||||| ||und||
100 _aRobert M. Fulmer
245 4 _aThe New Management
260 _aUSA
_bEducation
_c1988
300 _a526
942 _cBK
999 _c7576
_d7576